History Quiz

Random History or Animal Quiz

Animals Across Human History Quiz Stats

Quiz Updated Aug 25, 2016

Challenge
Share
Tweet
Score 0/30 Timer 10:00
2 Plays Today
% Correct
Woolly rhinoceros
98.1%
Asian lion
96.8%
Bactrian camel
96.2%
Chicken
96.2%
Crab and snake
96.1%
Monkey
96%
Asian elephant
95.8%
Rattlesnake
95.7%
Bald eagle
95.4%
Bats and lion
95.3%
Bull
95%
Polar bear
94.8%
Sperm whale
94.7%
Seahorses
93.8%
Zebras
93.3%
% Correct
Dolphins
93.3%
Spider
93.1%
Deer
92.6%
Hare
92.4%
Wild turkey
88.6%
Southern rockhopper penguin
88.6%
Ram
88.3%
Dodo
87.5%
Lobsters
87.2%
Dung beetle and Egyptian cobra
85.5%
Smilodon
83.6%
Kangaroo
82.8%
Snake and jaguar
79%
Antelope
78%
Thylacines
33.4%

You're not logged in!

Compare scores with friends on all Sporcle quizzes.
Sign Up with Email
OR
Log In

You Might Also Like...

Show Comments

Extras

Top Quizzes Today


Score Distribution

Your Account Isn't Verified!

In order to create a playlist on Sporcle, you need to verify the email address you used during registration. Go to your Sporcle Settings to finish the process.